La sombra del viento /

Guardado en:
Autor Principal: Ruiz Zafón, Carlos
Formato: Libro
Publicado: Buenos Aires : Planeta, 2006
Series:Autores españoles e iberoamericanos
Materias:
Etiquetas: Agregar Etiqueta
Sin Etiquetas, Sea el primero en etiquetar este registro!
LEADER 00626nam a22002175a 4500
001 CEM.cems012371
005 20061227175304.0
008 130507s2006##################000#0#####d
003 CEMS
020 |a 950491036X 
082 0 4 |a 863.4 
100 1 |a Ruiz Zafón, Carlos 
245 1 0 |a La sombra del viento /  |c Carlos Ruiz Zafón 
260 |a Buenos Aires :  |b Planeta,  |c 2006 
300 |a 479 p. 
490 0 |a Autores españoles e iberoamericanos 
653 |a Literatura 
653 |a Literatura española-siglo 20 
653 |a Novelas españolas 
653 |a Novelas 
859 |a CEMS  |b BIB. CEMS - 11 de abril  |h 863.4  |i R859  |p 23661.06  |t Ej.1